Lời hay ý đẹp : Thách thức = Challenge

Sách gồm những câu nói đã được đúc kết, trải nghiệm của những nhà kinh doanh thành công, giúp bạn trở thành một người dám nghĩ dám làm và trau dồi tiếng Anh.

Αποθηκεύτηκε σε:
Λεπτομέρειες βιβλιογραφικής εγγραφής
Μορφή: Βιβλίο
Γλώσσα:Undetermined
Έκδοση: Thành phố Hồ Chí Minh Văn hóa Sài Gòn 2010
Θέματα:
Ετικέτες: Προσθήκη ετικέτας
Δεν υπάρχουν, Καταχωρήστε ετικέτα πρώτοι!
Thư viện lưu trữ: Trung tâm Học liệu Trường Đại học Cần Thơ
LEADER 00904nam a2200205Ia 4500
001 CTU_158701
008 210402s9999 xx 000 0 und d
020 |c 29000 
082 |a 658 
082 |b L462 
245 0 |a Lời hay ý đẹp : 
245 0 |b Thách thức = Challenge 
245 0 |c Đào Chính, Đoan Nghiêm tuyển chọn và biên dịch 
260 |a Thành phố Hồ Chí Minh 
260 |b Văn hóa Sài Gòn 
260 |c 2010 
520 |a Sách gồm những câu nói đã được đúc kết, trải nghiệm của những nhà kinh doanh thành công, giúp bạn trở thành một người dám nghĩ dám làm và trau dồi tiếng Anh. 
650 |a Managerial economics,Management,Quản trị kinh doanh,Quản trị 
904 |i Trọng Hải 
980 |a Trung tâm Học liệu Trường Đại học Cần Thơ